01344agaaa2200301 45000010005000000030009000050050017000140070009000310080040000400400023000800410013001031000046001161300024001622450112001862500022002982600104003203000033004245080134004575200042005915380016006335460013006496500075006627000062007377000056007997000058008557000064009137000065009779651IT-RoPAU20220918181238.0d cvaizq50131s9999||||xx ||| | || ||und|| aIT-RoPAUcIT-RoPAU aITALIANO aTreves GiorgiogCodice regista SPICS: 353 aSANTI DI TORINO (I) aSANTI DI TORINO (I)cDiretto da: Treves GiorgiopSANTI DI TORINO (I) (Rif. Codice opera principale : B9651) aEdizione Standard aROMA (ITALIA)bRAI - RADIO TELEVISIONE ITALIANA / g"1993 (1° ed.: 1993 ; Ed. Lingua Orig.: 1993)" aVHSbsonoro, col.c60 minuti a"Fotografia: Pancaldi Giancarlo; Montaggio: Gianoglio Giorgio; Musica: Macchi Egisto; Soggetto: Gregoretti Ugo -- Treves Giorgio" aVIAGGIO TRA I SANTI DI TORINO. MIXER. aPAL, STEREO aITALIANO aDOCUMENTARIOeTV-PROGRAMMI RELIGIOSI [VHS]xCodice MATERIA SPICS: 9963 aGregoretti Ugo e(soggetto)gCodice Soggetto SPICS: 11174 aMacchi Egistoe(musica)gCodice Musica SPICS: 14356 aTreves Giorgio e(regista)gCodice regista SPICS: 353 aTreves Giorgio e(soggetto)gCodice Soggetto 2° SPICS: 353 aTreves Giorgioe(regista)gCodice secondo regista SPICS: 353